Euros 2024 Albania Squad - Statistics

General Stats
  • This quiz has been taken 52 times
  • The average score is 9 of 27
Answer Stats
Pos Club Answer % Correct
GK Brentford Thomas Strakosha
85%
FW Fulham Armando Broja
83%
DF Lazio Elseid Hysaj
78%
GK Empoli Etrit Berisha
66%
MF Inter Kristjan Asllani
66%
MF Lecce Medon Berisha
66%
DF Atalanta Berat Djimsiti
61%
MF Sassuolo Nedim Bajrami
41%
FW Gwanju FC Jasir Asani
37%
MF Sparta Prague Qazim Laci
32%
DF Rayo Vallecano Ivan Balliu
29%
MF Lecce Ylber Ramadani
29%
FW Dinamo Zagreb Arber Hoxha
24%
MF Besiktas Ernest Muci
24%
MF Darmstadt Klaus Gjasula
24%
FW Sivasspor Rey Manaj
22%
DF Cluj Arlind Ajeti
20%
DF Lokomotiv Mario Mitaj
20%
DF Sassuolo Marash Kumbulla
17%
MF Grasshoppers Amir Abrashi
15%
DF Empoli Ardian Ismajli
15%
GK Cittadella Elhan Kastrati
15%
DF Famalicao Enea Mihaj
15%
FW Rubin Kazan Mirlind Daku
15%
GK Frankfurt Simon Simoni
15%
DF Voluntari Naser Aliji
12%
FW Baniyas Taulant Seferi
12%
No matching quizzes found
Score Distribution
Percent of People with Each Score
Percentile by Number Answered
Your Score History
You have not taken this quiz